00482nmm a2200169Ia 4500008004100000020001800041041000800059100002000067245003600087264005500123300001800178650002100196700002000217856005100237942000700288999001700295251105s9999||||xx |||||||||||||||||und|| a9788415625971 aspa aAlbajar, Amparo 0aTrilogía Las grandes familias a[Madrid, España] :bLibros del asteroide, c2014 a688 páginas aFrench narrative a Druon, Maurice uhttps://public.digitaliapublishing.com/a/39508 cCF c61599d61599